000 00942nas a2200313 4500
001 BR2013009641
003 BR-BrBNA
005 20231205123309.0
007 ta
008 230509b bl.|||p| |||| 00| 00por d
040 _aBR-BrBNA
_bpor
_cBiblioteca Nacional de Agricultura
041 _a(Pt)
072 _aF60; K10; F61
100 1 _aGonçalves, E. de O.
100 1 _aPaiva, H.N. de
100 1 _aNeves, J.C. de L.
100 1 _aGomes, J.M.
245 1 _aNutrição de mudas de Mimosa caesalpiniaefolia Benth. sob diferentes doses de N, P, K, Ca e Mg
650 _aMUDA
650 _aPRODUÇÃO
650 _aMACROELEMENTO
650 _aSABIÁ
650 _aÁRVORE ANGIOSPERMA
650 _aBIOQUÍMICA VEGETAL
650 _aFERTILIZANTE
773 0 _tCiência Florestal (Brazil)
_xISSN 0103-9954
_g(Jun 2013), v. 23(2) p. 273-286
_wBR2013009641
909 _a202311
_bLúcia
_c55
_dLúcia Elande
942 _2AGRIS
_n0
_cANA
999 _c233181
_d233181